00899nam a2200229 i 450000100060000000300090000600500170001500700030003200800410003510000280007624501180010426000420022230000220026449000510028665000320033765000320036970000390040183000590044085200320049999900170053195201210054832968ES-MaACL20250809040608.0t|030131s1981 sp ||||1| spa d1 aBentham, Jeremy.92778710aTratados de legislación civil y penal / cJeremias Bentham ; edición preparada por Magdalena Rodríguez Gil. aMadrid : bEditora Nacional, c[1981] a638 p. ; c21 cm.1 aClásicos para una biblioteca contemporánea07aDerecho civil2embne91165607aDerecho penal2embne9117491 aRodríguez Gil, Magdalena.9985520 aClásicos para una biblioteca contemporánea9181899 aES-MaACLjL-1493 bR.102283 c32968d32968 00104070aATENEOMbATENEOMcDEPO2d2008-01-17eSCl0oL-1493p1034261r2023-02-23 00:00:00w2023-02-23yMONOGRAFIA